000 nam a22 a 4500
999 _c157005
_d157005
003 BLK
005 20230309124621.0
008 180410b bul|||||r ||||||| ||bul||
010 _aKNG00163921000
020 _a954-445-010-6
040 _aBLK
041 _aBUL
_cBUL
080 _aПолитически партии и движения
_b329
_x(497.2)(092)
_z329(497.2)(092)
080 _aБългарска литература
_b821.163.2
_x-94
_z821.163.2-94
080 _aБългария през Втората световна война (1939-1944)
_b94(497.2)"1939/1944"
_x(092)
_z94(497.2)"1939/1944"(092)
080 _aЛеваневски. Антифашист, партизанин, деец на БКП
_b929 Фазлов, Запрян Георгиев
_z929 Фазлов, Запрян Георгиев
100 1 _aОвадия, Давид Хаим
_eпърви автор
_9367502
139 _aОвадия, Давид Хаим
_bФ 16
245 1 0 _aЛеваневски
_bДокум. повест за Запрян Георгиев Фазлов
_cДавид Хаим Овадия.
250 _a3. доп. изд.
257 _aBGR
260 _aСофия
_bХристо Ботев
_c1992
300 _a248 с.
_c20 см
380 _a3
500 _a1. изд. 1978 на Партиздат - Леваневски псев. на Фазлов. - 8000 тир.
600 1 4 _aФазлов, Запрян Георгиев
_9224192
650 4 _aФазлов, Запрян Георгиев
_9224192
650 4 _aБКП - дейци
_9242529
650 4 _aПартизанско движение - България - дейци
_9247270
650 4 _aБорба против фашизма - Пловдивски край
_9333567
653 _aЗапрян Фазлов
653 _aЛеваневски
653 _aпартизанско движение
852 _aЦб 170312
_bЦб
856 4 _qpdf
_i0.00
_ldisable
856 4 _qpdf
_i0.00
_ldisable
942 _cKNG
_n0
_01
_s1
944 _aCR
_c08.08.2014
_l08.08.2014 - от С1,Р / 08.08.2014
_kКина_Георгиева
944 _aED
_c08.08.2014
_l08.08.2014 - от С1,Р / 08.08.2014
999 _d157005